| 000 | 00419nam a2200157 a 4500 | ||
|---|---|---|---|
| 090 |
_aLB _b04987 |
||
| 041 | _aita | ||
| 100 |
_aRacheli, Tommaso _992372 |
||
| 245 | _aIL genere Battus Tassonomia e storia naturale (Lepidoptera, Papilionidae) | ||
| 260 |
_aRoma _bs.n. _c1992 |
||
| 300 | _a163 p. | ||
| 440 |
_aFragm. Entomol _n23 _992373 |
||
| 700 |
_aPariset, Lorraine _992374 |
||
| 942 | _cIMPRESO | ||
| 945 | _d2007-08-02 | ||
| 999 |
_c5731 _d5731 |
||